000
00328nam a22001217a 4500
003
SGT
082
_a
920
_b
C17S
100
_a
शुक्ल, आचार्य रामचंद्र
245
_a
चिंतामणि
260
_b
मनीष पब्लिकेशंस
_c
2017
300
_a
272
942
_2
ddc
_c
BK
999
_c
32007
_d
32007